| 000 | 03634nam a22005177a 4500 | ||
|---|---|---|---|
| 007 | cr | ||
| 008 | 250730b20250408ag |||||oz||| 00| 0 spa d | ||
| 020 | _a9786319100532 | ||
| 040 |
_cAR-FvUNAJ _dAR-FvUNAJ _eaacr2 |
||
| 041 | _aspa | ||
| 100 | 1 |
_914411 _aCréimer, Emma Virginia _eCoord. |
|
| 245 | 1 | 0 |
_aManual de buenas prácticas periciales en casos de violaciones a los DDHH / _cCoordinadora Créimer, Emma Virginia |
| 260 |
_aFlorencio Varela : _bUniversidad Nacional Arturo Jauretche, _c2025 |
||
| 300 |
_a386 p. : _bDigital |
||
| 520 | 2 | _aEn un mundo cuyas sociedades se van entrampando en políticas individualistas, co-crear espacios científicos interdisciplinarios e internacionales de protección de los derechos humanos y de difusión de conocimientos al alcance del pueblo, nos acerca a una nueva forma de investigar con calidad y solidaridad, lo que nos hace un poco más libres. El "Manual de buenas prácticas periciales en casos de violaciones a los derechos humanos" plasma en esta primera edición, la importancia de acordar un marco básico de coherencia y ética desde el grado y el postgrado educativo en las investigaciones que surgen en casos de muertes violentas o sospechosas de criminalidad. El manual muestra la posibilidad incuestionable de establecer protocolos forenses basados en los criterios y las experiencias científicas de profesionales que, desde la capacidad de realizar diagnósticos certeros, pueden crear un compendio de saberes atravesados por la humanidad y la perspectiva de género y derechos humanos, optimizando la juiciosa excelencia de sus conclusiones. De esta manera, y con la evidencia fáctica que se traduce en la creación del primer Centro Universitario de Ciencias Forenses y Derechos Humanos en una universidad pública como es el emplazado recientemente en la Universidad Nacional Arturo Jauretche, es que el alambicado mundo forense y sus representantes demuestran la capacidad de fuerza y organización para que la ciencia esté al alcance de todos y todas, de una manera perita y equitativa. | |
| 540 |
_aEsta obra está bajo una Licencia Creative Commons Argentina. Atribución - No Comercial - Sin Derivadas 2.5 Argentina (CC BY-NC-ND 2.5 AR) _uhttps://creativecommons.org/licenses/by-nc-nd/2.5/ar/ |
||
| 650 | 2 | 7 |
_2saij _99869 _aANTROPOLOGIA FORENSE |
| 650 | 2 | 7 |
_2unescot _92092 _aDERECHO |
| 650 | 2 | 7 |
_2unescot _92968 _aVIOLENCIA |
| 653 | 2 | 0 | _aPrueba pericial |
| 700 | 1 |
_921738 _aAmbrosio Morales, María Teresa |
|
| 700 | 1 |
_921739 _aBoselli, Gabriel Oscar |
|
| 700 | 1 |
_921740 _aBrandao Augusto, Cristiane |
|
| 700 | 1 |
_921741 _aBurucuá, Paula |
|
| 700 | 1 |
_921742 _aCastillo Serrato, Mari Tania |
|
| 700 | 1 |
_914411 _aCréimer, Emma Virginia |
|
| 700 | 1 |
_921743 _aGarcía Arroyo, Valentina |
|
| 700 | 1 |
_921744 _aGarcía Navarro, Samanta |
|
| 700 | 1 |
_921745 _aGonzález Porras, Juan Fernando |
|
| 700 | 1 |
_921746 _aGonzález, Luciana Aylén |
|
| 700 | 1 |
_921747 _aGreiner, Alexander Emiliano |
|
| 700 | 1 |
_921748 _aHuerta Reyes, Yadira Aideé |
|
| 700 | 1 |
_920307 _aJuarez, Lucía Alejandra |
|
| 700 | 1 |
_921749 _aMaidana, Ilce |
|
| 700 | 1 |
_921750 _aMauricio Sánchez, Griselda |
|
| 700 | 1 |
_921751 _aMera Hernández, María del Rosario |
|
| 700 | 1 |
_920323 _aMoradillo, Camila |
|
| 700 | 1 |
_921752 _aOrtega García, María Laura Estela |
|
| 700 | 1 |
_921753 _aPasquali Campos, Ariana Belén |
|
| 700 | 1 |
_921754 _aPeña, Victoria Chiara |
|
| 700 | 1 |
_921755 _aTappatá, Micaela Victoria |
|
| 700 | 1 |
_921756 _aVimo Créimer, Ezequiel Agustín |
|
| 856 | _uhttps://rid.unaj.edu.ar/handle/123456789/3166 | ||
| 942 |
_2ddc _cLIBRO DIGI |
||
| 999 |
_c11038 _d11038 |
||
| 980 |
_620072 _a Matías Regueira _820072 _g Matías Regueira |
||